|
|
|
|
| LEADER |
01393nam a22003017a 4500 |
| 001 |
33948 |
| 003 |
BD-DhAAL |
| 005 |
20210623151355.0 |
| 008 |
181113t2015 bg a|||| |||| 00| 0dben d |
| 999 |
|
|
|c 40217
|d 40217
|
| 020 |
|
|
|a 9847008403188
|
| 040 |
|
|
|a BD-DhAAL
|
| 041 |
|
|
|a ben
|
| 082 |
|
|
|2 22
|a 954.9205092
|
| 100 |
|
|
|a পারভীন, আফরোজা
|9 28875
|
| 245 |
|
|
|a বঙ্গবন্ধু শেখ মুজিবুর রহমান জীবন ও রাজনীতি /
|c আফরোজা পারভীন
|
| 246 |
|
|
|a Bongobandu sheik mujibur rahman
|
| 260 |
|
|
|a ঢাকা :
|b শোভা প্রকাশ,
|c ২০১৫
|
| 300 |
|
|
|a ২৩১ পৃষ্ঠা :
|b চিত্র ;
|c ২২ সে.মি.
|
| 504 |
|
|
|a গ্রন্থপঞ্জিগত নির্দেশিকা অন্তভূক্ত
|
| 526 |
|
|
|a AAL
|
| 541 |
|
|
|a Boibazar.com
|e 33948
|
| 600 |
|
|
|a Mujibur Rahman,
|c Sheikh,
|d 1920-1975
|x Political and social views.
|x Biography
|9 28876
|
| 651 |
|
|
|a Bangladesh
|x Politics and government
|9 28877
|
| 651 |
|
|
|a Bangladesh
|x History
|y Revolution, 1971
|9 28878
|
| 852 |
|
|
|a Ayesha Abed Library
|c Bangabandhu Corner
|
| 942 |
|
|
|2 ddc
|c BK
|
| 952 |
|
|
|0 0
|1 0
|2 ddc
|4 0
|6 954_920509200000000_PAR
|7 0
|9 64599
|a BRACUL
|b BRACUL
|c BNC
|d 2018-11-01
|e Boibazar.com
|g 270.00
|l 0
|o 954.9205092 PAR
|p 3010033948
|r 2018-11-01
|t 1
|v 270.00
|w 2018-11-01
|y BK
|